00598nam a2200193Ia 450000500170000000800460001703700120006304000210007504100130009608400230010910000160013224500370014826000450018530000100023065000140024094200230025499900210027795201060029820250508154530.0008 250505s9999 xx 000 0 eng d aTextual aFEDL bengcFEDL aeng2eng a370.954, MUKqFEDL aMukerji S N 0aIntroduction to Indian education aBaroda, IndiabAcharya Book Depot c1958 a117p. aEducation cTEXLh370.954, MUK c1350789d1350789 00104070aFEDLbFEDLd2025-05-08l0o370.954, MUKpEL0034844r2025-05-08 15:45:30w2025-05-08yTEXL